Verifying of conditional convergence in chosen countries of South East Asia

Absolútna konvergencia, podmienená konvergencia. Overovanie podmienenej konvergencie vo vybraných krajinách juhovýchodnej Ázie (Kambodža, Indonézia, Laos, Malajzia, Filipíny, Singapur, Timor, Thajsko, Vietnam).

Salvato in:
Dettagli Bibliografici
Autore principale: Blaško, Michaela
Altri autori: Husna Leila Yusran
Natura: Capitolo di libro
Lingua:inglese
Soggetti:
Tags: Aggiungi Tag
Nessun Tag, puoi essere il primo ad aggiungerne!!

MARC

LEADER 00000nla a2200000 4500
001 0227377
005 20240502083611.5
041 0 |a eng 
044 |a LK 
245 1 0 |a Verifying of conditional convergence in chosen countries of South East Asia  |c Michaela Blaško, Husna Leila Yusran 
520 |a Absolútna konvergencia, podmienená konvergencia. Overovanie podmienenej konvergencie vo vybraných krajinách juhovýchodnej Ázie (Kambodža, Indonézia, Laos, Malajzia, Filipíny, Singapur, Timor, Thajsko, Vietnam). 
610 2 0 |a konvergencia 
610 2 0 |a integrácia ekonomická 
610 2 0 |a juhovýchodná Ázia 
610 2 0 |a produkt domáci hrubý 
610 2 0 |a vývoj hospodársky 
100 1 |a Blaško, Michaela 
700 1 |a Husna Leila Yusran